Philadelphia Flyers Roster 2025-26 - Statistics

General Stats
  • This quiz has been taken 25 times
  • The average score is 10 of 23
Answer Stats
Position Player % Correct
Goalie Samuel Ersson
80%
Forward Travis Konecny
80%
Forward Trevor Zegras
80%
Goalie Dan Vladar
73%
Defenseman Travis Sanheim
67%
Forward Matvei Michkov
60%
Forward Bobby Brink
53%
Defenseman Jamie Drysdale
53%
Defenseman Cam York
47%
Forward Noah Cates
40%
Forward Garnet Hathaway
33%
Defenseman Nick Seeler
33%
Forward Nikita Grebenkin
33%
Forward Tyson Foerster
33%
Goalie Aleksei Kolosov
27%
Forward Christian Dvorak
27%
Defenseman Emil Andrae
27%
Defenseman Noah Juulsen
27%
Defenseman Egor Zamula
20%
Forward Nicolas Deslauriers
20%
Forward Rodrigo Abols
20%
Defenseman Adam Ginning
13%
Forward Sean Couterier
7%
No matching quizzes found
Score Distribution
Percent of People with Each Score
Percentile by Number Answered
Your Score History
You have not taken this quiz